La espada y el canelo
Salvato in:
| Autore principale: | |
|---|---|
| Natura: | Libro |
| Lingua: | spagnolo |
| Pubblicazione: |
Santiago
Del Pacífico
1974
|
| Edizione: | 5a. ed |
| Soggetti: | |
| Tags: |
Aggiungi Tag
Nessun Tag, puoi essere il primo ad aggiungerne!!
|
MARC
| LEADER | 00000nam a2200000 a 4500 | ||
|---|---|---|---|
| 001 | UCH0344 | ||
| 003 | CL-VaPUC | ||
| 008 | 090306e19740000CL |||||||||||||||||spa|d | ||
| 082 | 0 | 4 | |a Ch863 |b MAG |2 21 |
| 100 | |a Magnet Pagueguy, Alejandro |e autor |9 484267 | ||
| 245 | 1 | 3 | |a La espada y el canelo |
| 250 | |a 5a. ed | ||
| 300 | |a 140 p | ||
| 942 | |c BK | ||
| 945 | |d 20090306 00:00:00 |a cmena | ||
| 260 | |a Santiago |b Del Pacífico |c 1974 | ||
| 650 | 0 | |a Novelas chilenas |9 265425 | |
| 650 | 0 | |a Literatura chilena |9 308278 | |
| 583 | |a last modification |c 20090306 00:00:00 |k Rodrigo Vera | ||
| 999 | |c 332676 |d 332674 | ||
| 952 | |0 0 |1 0 |4 0 |6 CH_863_000000000000000_MAG_1974 |7 0 |8 A |9 420538 |a BIBEDU |b BIBEDU |d 2019-11-22 |i 4519310 |o Ch863 MAG 1974 |p 4519310 |r 2019-11-22 |w 2019-11-22 |y BK |k LIT | ||